আবূ দাঊদ শরীফ / (Record no. 6363)
[ view plain ]
| 000 -LEADER | |
|---|---|
| fixed length control field | 00832nam a2200217 a 4500 |
| 001 - CONTROL NUMBER | |
| JCCL Control Number | 6363 |
| 003 - CONTROL NUMBER IDENTIFIER | |
| JCCL marc code | BD-JhCC |
| 005 - DATE AND TIME OF LATEST TRANSACTION | |
| control field | 20200401134007.0 |
| 008 - FIXED-LENGTH DATA ELEMENTS--GENERAL INFORMATION | |
| fixed length control field | 171022s1999 bg |||| ||a| 000 0 mul d |
| 035 ## - SYSTEM CONTROL NUMBER | |
| system control number | (BD-JhCC)6363 |
| 040 ## - CATALOGING SOURCE | |
| Original cataloging agency | BD-JhCC |
| Modifying agency | BD-JhCC |
| 041 ## - LANGUAGE CODE | |
| Language code of Book | ben |
| 082 ## - DEWEY DECIMAL CLASSIFICATION NUMBER | |
| Classification number | 297.1242 |
| Author mark and Year | ASS 1999 |
| 100 ## - MAIN ENTRY--PERSONAL NAME | |
| Personal name | আসসিজিস্তানী, ইমাম আবূ দাঊদ সুলায়মান ইবনুল আশ আস (র) |
| 245 ## - TITLE STATEMENT | |
| Title | আবূ দাঊদ শরীফ / |
| Statement of responsibility, etc | ইমাম আবূ দাঊদ সুলায়মান ইবনুল আশ আস আসসিজিস্তানী (র) |
| 260 ## - PUBLICATION, DISTRIBUTION, ETC. (IMPRINT) | |
| Place of publication, distribution, etc | ঢাকা : |
| Name of publisher, distributor, etc | ইসলামিক ফাউন্ডেশন, |
| Date of publication, distribution, etc | 1999. |
| 300 ## - PHYSICAL DESCRIPTION | |
| Pagination | 666 p. : |
| Dimensions | 24 cm. |
| 650 ## - SUBJECT ADDED ENTRY--TOPICAL TERM | |
| Topical term or geographic name as entry element | Hadith |
| 942 ## - ADDED ENTRY ELEMENTS (KOHA) | |
| Source of classification or shelving scheme | Dewey Decimal Classification |
| Koha item type | Books |
| Koha issues (borrowed), all copies | 8 |
| Source of classification or shelving scheme | volume number | Damaged status | Not for loan | Home library | Current library | Shelving location | Date of accession | Cost, normal purchase price | Total Checkouts | Full call number | Barcode | Date last seen | Copy number | Koha item type | Date checked out |
|---|---|---|---|---|---|---|---|---|---|---|---|---|---|---|---|
| Dewey Decimal Classification | V-5 | JCC Rouf Library | JCC Rouf Library | General Stacks | 01/22/2018 | 295.00 | 297.1242 ASS 1999 | 445 | 01/22/2018 | C-1 | Books | ||||
| Dewey Decimal Classification | V-4 | JCC Rouf Library | JCC Rouf Library | General Stacks | 01/22/2018 | 260.00 | 297.1242 ASS 1999 | 444 | 01/22/2018 | C-1 | Books | ||||
| Dewey Decimal Classification | V-1 | JCC Rouf Library | JCC Rouf Library | General Stacks | 08/01/2018 | 389.00 | 3 | 297.1242 ASS 2014 | 14391 | 09/26/2023 | C-1 | Books | 09/20/2023 | ||
| Dewey Decimal Classification | V-5 | JCC Rouf Library | JCC Rouf Library | General Stacks | 08/01/2018 | 389.00 | 297.1242 ASS 2014 | 14394 | 08/01/2018 | C-2 | Books | ||||
| Dewey Decimal Classification | V-3 | JCC Rouf Library | JCC Rouf Library | General Stacks | 08/01/2018 | 275.00 | 1 | 297.1242 ASS 2014 | 14393 | 04/19/2020 | C-1 | Books | 03/31/2020 | ||
| Dewey Decimal Classification | V-2 | JCC Rouf Library | JCC Rouf Library | General Stacks | 08/01/2018 | 368.00 | 1 | 297.1242 ASS 2013 | 14392 | 04/05/2020 | C-1 | Books | 03/29/2020 | ||
| Dewey Decimal Classification | V-4 | JCC Rouf Library | JCC Rouf Library | General Stacks | 08/01/2018 | 390.00 | 297.1242 ASS 2014 | 14366 | 08/01/2018 | C-2 | Books |